Is Antarctica bigger than...? - Statistics

General Stats
  • This quiz has been taken 66 times
  • The average score is 9 of 14
Answer Stats
Question Answer % Correct
Is Antarctica bigger than Russia? No
100%
Is Antarctica bigger than Mongolia? Yes
89%
Is Antartcica bigger than Kazakhstan? Yes
89%
Is Antarctica bigger than D.R.Congo? Yes
89%
Is Antarctica bigger than India? Yes
89%
Is Antarctica bigger than Algeria? Yes
78%
Is Antarctica bigger than Argentina? Yes
78%
Is Antarctica bigger than Indonesia? Yes
67%
Is Antarctica bigger than Saudi Arabia? Yes
67%
Is Antarctica bigger than Australia? Yes
44%
Is Antarctica bigger than China? Yes
44%
Is Antarctica bigger than USA? Yes
33%
Is Antarctica bigger than Brazil? Yes
33%
Is Antarctica bigger than Canada? Yes
11%
No matching quizzes found
Score Distribution
Percent of People with Each Score
Percentile by Number Answered
Your Score History
You have not taken this quiz